| 000 | 00827cam a22002771 4500 | ||
|---|---|---|---|
| 999 |
_c6210 _d6210 |
||
| 001 | 6210 | ||
| 003 | BD-JhCC | ||
| 005 | 20190114134017.0 | ||
| 008 | 750421s1948 xx 000 0 eng | ||
| 035 | _a(BD-JhCC)6210 | ||
| 035 | _a(OCoLC)1290508 | ||
| 040 |
_aDLC _cFO _dOCoLC _dDLC _d(BD-JhCC) |
||
| 041 | _aeng | ||
| 050 | 0 | 0 |
_aPE1111 _b.J47 |
| 082 |
_a808 _bDEB 1956 |
||
| 100 | 1 | _aDeboer, John J | |
| 245 | 1 | 0 |
_aThe new building better English 12 / _cJohn J Deboer |
| 260 |
_aEvanston, Ill. : _bRow, Peterson, _c1948. |
||
| 300 |
_a374 p. : _billus. _c24 cm. |
||
| 500 | _aGrade 12 by John J. De Boer. Includes bibliographies. | ||
| 650 | 0 |
_aEnglish language _xComposition and exercises. |
|
| 650 | 0 |
_aEnglish language _xGrammar |
|
| 700 | 1 |
_aDe Boer, John James, _d1903-1969. |
|
| 942 |
_2ddc _cBK _01 |
||